<?xml version="1.0" encoding="UTF-8"?>
<record
    xmlns:xsi="http://www.w3.org/2001/XMLSchema-instance"
    xsi:schemaLocation="http://www.loc.gov/MARC21/slim http://www.loc.gov/standards/marcxml/schema/MARC21slim.xsd"
    xmlns="http://www.loc.gov/MARC21/slim">

  <leader>01812nam a2200457 a 4500</leader>
  <controlfield tag="005">20240510090840.0</controlfield>
  <controlfield tag="008">100303s2010||||ag al. f |||| 001 0 spa d</controlfield>
  <datafield tag="020" ind1=" " ind2=" ">
    <subfield code="a">9788496921467</subfield>
  </datafield>
  <datafield tag="041" ind1=" " ind2=" ">
    <subfield code="a">spa</subfield>
  </datafield>
  <datafield tag="092" ind1=" " ind2=" ">
    <subfield code="c">574.3</subfield>
    <subfield code="l">77</subfield>
    <subfield code="s">SAD</subfield>
  </datafield>
  <datafield tag="100" ind1="1" ind2=" ">
    <subfield code="a">Sadler, T. W.</subfield>
    <subfield code="9">131</subfield>
  </datafield>
  <datafield tag="245" ind1=" " ind2=" ">
    <subfield code="a">Langman. Embriolog&#xED;a M&#xE9;dica /</subfield>
    <subfield code="c">T. W. Sadler</subfield>
  </datafield>
  <datafield tag="250" ind1=" " ind2=" ">
    <subfield code="a">11a ed.</subfield>
    <subfield code="b">Traducci&#xF3;n Elisabet Carreras i Goicoechea y Marta Vigo Anglada</subfield>
  </datafield>
  <datafield tag="260" ind1=" " ind2=" ">
    <subfield code="a">Barcelona: </subfield>
    <subfield code="b">Wolter Kluwer ; Lippincott Williams &amp; Wilkins;</subfield>
    <subfield code="c">2010.</subfield>
  </datafield>
  <datafield tag="300" ind1=" " ind2=" ">
    <subfield code="a">387 p.</subfield>
    <subfield code="b">il.</subfield>
  </datafield>
  <datafield tag="500" ind1=" " ind2=" ">
    <subfield code="a">Sadler, T. W. (2010). Langman. Embriolog&#xED;a m&#xE9;dica. (11a ed.). Barcelona : Wolter Kluwer ; Lippincott Williams &amp; Wilkins.</subfield>
  </datafield>
  <datafield tag="590" ind1=" " ind2=" ">
    <subfield code="a">Donaci&#xF3;n CEM, Marzo 2009</subfield>
  </datafield>
  <datafield tag="653" ind1=" " ind2=" ">
    <subfield code="a">Embriolog&#xED;a: antiguos y nuevos horizontes e introducci&#xF3;n a la se&#xF1;alizaci&#xF3;n y regulacion moleculares</subfield>
  </datafield>
  <datafield tag="653" ind1=" " ind2=" ">
    <subfield code="a">Gametog&#xE9;nesis: transformaci&#xF3;n de las c&#xE9;lulas germinales en gametos femeninos y masculinos</subfield>
  </datafield>
  <datafield tag="653" ind1=" " ind2=" ">
    <subfield code="a">Primera semana de desarrollo: de la ovulaci&#xF3;n a la implantaci&#xF3;n</subfield>
  </datafield>
  <datafield tag="653" ind1=" " ind2=" ">
    <subfield code="a">Segunda semana de desarrollo: disco germinativo bilaminar</subfield>
  </datafield>
  <datafield tag="653" ind1=" " ind2=" ">
    <subfield code="a">Tercera semana del desarrollo: el disco germinativo trilaminar</subfield>
  </datafield>
  <datafield tag="653" ind1=" " ind2=" ">
    <subfield code="a">Tercera a la octava semana: el periodo embrionario </subfield>
  </datafield>
  <datafield tag="653" ind1=" " ind2=" ">
    <subfield code="a">Tercer mes del nacimiento: el feto y la placenta</subfield>
  </datafield>
  <datafield tag="653" ind1=" " ind2=" ">
    <subfield code="a">Anomal&#xED;as cong&#xE9;nita y diagn&#xF3;stico prenatal</subfield>
  </datafield>
  <datafield tag="653" ind1=" " ind2=" ">
    <subfield code="a">Esqueleto</subfield>
  </datafield>
  <datafield tag="653" ind1=" " ind2=" ">
    <subfield code="a">Sistema muscular</subfield>
  </datafield>
  <datafield tag="653" ind1=" " ind2=" ">
    <subfield code="a">Cavidades corporales</subfield>
  </datafield>
  <datafield tag="653" ind1=" " ind2=" ">
    <subfield code="a">Sistema cardiovascular</subfield>
  </datafield>
  <datafield tag="653" ind1=" " ind2=" ">
    <subfield code="a">Aparato respiratorio</subfield>
  </datafield>
  <datafield tag="653" ind1=" " ind2=" ">
    <subfield code="a">Aparato digestivo</subfield>
  </datafield>
  <datafield tag="653" ind1=" " ind2=" ">
    <subfield code="a">Sistema urogenital</subfield>
  </datafield>
  <datafield tag="653" ind1=" " ind2=" ">
    <subfield code="a">Cabeza y cuello</subfield>
  </datafield>
  <datafield tag="653" ind1=" " ind2=" ">
    <subfield code="a">Sistema nervioso central</subfield>
  </datafield>
  <datafield tag="653" ind1=" " ind2=" ">
    <subfield code="a">O&#xED;do</subfield>
  </datafield>
  <datafield tag="653" ind1=" " ind2=" ">
    <subfield code="a">Ojo</subfield>
  </datafield>
  <datafield tag="653" ind1=" " ind2=" ">
    <subfield code="a">Sistema tegumentario</subfield>
  </datafield>
  <datafield tag="930" ind1=" " ind2=" ">
    <subfield code="a">1977</subfield>
  </datafield>
  <datafield tag="930" ind1=" " ind2=" ">
    <subfield code="a">1978</subfield>
  </datafield>
  <datafield tag="942" ind1=" " ind2=" ">
    <subfield code="2">ddc</subfield>
    <subfield code="c">BK</subfield>
  </datafield>
  <datafield tag="999" ind1=" " ind2=" ">
    <subfield code="c">3188</subfield>
    <subfield code="d">3188</subfield>
  </datafield>
  <datafield tag="952" ind1=" " ind2=" ">
    <subfield code="0">0</subfield>
    <subfield code="1">0</subfield>
    <subfield code="2">ddc</subfield>
    <subfield code="4">0</subfield>
    <subfield code="7">0</subfield>
    <subfield code="a">BFM</subfield>
    <subfield code="b">BFM</subfield>
    <subfield code="c">CR</subfield>
    <subfield code="d">2024-05-10</subfield>
    <subfield code="e">Donaci&#xF3;n Leandro Sierra, Mayo 2024.</subfield>
    <subfield code="l">5</subfield>
    <subfield code="o">574.3 77 SAD</subfield>
    <subfield code="p">3911</subfield>
    <subfield code="r">2024-06-19</subfield>
    <subfield code="s">2024-06-14</subfield>
    <subfield code="t">Ej.41</subfield>
    <subfield code="w">2024-05-10</subfield>
    <subfield code="y">BK</subfield>
    <subfield code="z">Donaci&#xF3;n Leandro Sierra, Mayo 2024.</subfield>
    <subfield code="f"></subfield>
  </datafield>
</record>
